| 000 | 00580nam a22001817a 4500 | ||
|---|---|---|---|
| 003 | SISC | ||
| 005 | 20170124090500.0 | ||
| 008 | 150601b xxu||||| |||| 00| 0 eng d | ||
| 020 | _a9789719801382 | ||
| 050 |
_aHD 5549 _b.Z36 2014 |
||
| 100 | _aZarate, Cynthia A. | ||
| 245 |
_aHuman resource management / _cCynthia A. Zarate. |
||
| 260 |
_aQuezon City : _bC & E Publishing, Inc., _c2014. |
||
| 300 |
_axxi, 237 pages : _billustrations ; _c25 cm. |
||
| 500 | _aIncludes appendix, bibliographical references and index. | ||
| 650 | _aPersonnel management. | ||
| 942 |
_2lcc _cBK _kLOC |
||
| 999 |
_c284553 _d284553 |
||